000 01196nam a22003617a 4500
003 CHAP
005 20220329133412.0
008 971013s1991 r 00010 d
010 _a5961
011 _a6933
035 _a6156
040 _cCHAP
082 _a100
_bO5
100 0 0 _aOlive, León.
_983073
245 _aCómo acercarse a la filosofía
260 _aMéxico, D.F. :
_bLimusa,
_c1991
300 _a177 p.
_b: ilus.
490 _aCómo acercarse a
500 _a60-103
590 _aBATCH-UPD
_b10
_c20130110
_lUCH01
_h1839
590 _aBATCH-UPD
_b10
_c20130410
_lUCH01
_h1210
590 _aBATCH-UPD
_b10
_c20130914
_lUCH01
_h1035
590 _aCONVERSION
_b10
_c20130109
_lUCH01
_h1304
650 1 4 _aFilosofía.
_940890
710 0 _aConsejo Nacional para la Cultura y las Artes. México.
_927328
830 0 _aCómo acercarse a
_927735
901 _aBK
942 _cLIBRO
949 _a100 O5
_bBC
_cLIBRO
_d33724000298907
_eLIBRO
_fc.3
_h82813
_i6156
_si
949 _a100 O5
_bBC
_cLIBRO
_d33724000299038
_eLIBRO
_h82811
_i6156
_si
949 _a100 O5
_bBC
_cLIBRO
_d33724000299152
_eLIBRO
_fc.2
_h82812
_i6156
_si
949 _a100 O5
_bBC
_cLIBRO
_d33724000299301
_eLIBRO
_fc.4
_h44032
_i6156
_si
999 _c5961
_d5961